Statistics for European Capitals in 90 Seconds

Click here to take the quiz!

General Stats

  • This quiz has been taken 69 times
  • The average score is 33 of 45

Answer Stats

Capital% Correct
London
96%
Paris
95%
Madrid
93%
Oslo
93%
Berlin
86%
Bucharest
84%
Helsinki
84%
Moscow
84%
Lisbon
82%
Riga
82%
Amsterdam
80%
Brussels
80%
Budapest
80%
Kiev
80%
Rome
80%
Stockholm
80%
Minsk
79%
Vienna
79%
Copenhagen
77%
Dublin
77%
Vatican City
77%
San Marino
75%
Tallinn
75%
Athens
73%
Bern
73%
Sofia
73%
Zagreb
73%
Monaco
71%
Reykjavik
71%
Warsaw
71%
Prague
70%
Vaduz
66%
Vilnius
66%
Andorra la Vella
63%
Luxembourg
63%
Bratislava
59%
Ljubljana
57%
Valletta
57%
Belgrade
54%
Sarajevo
52%
Chișinău
50%
Podgorica
50%
Skopje
48%
Pristina
46%
Tirana
46%

Score Distribution

Percentile by Number Answered

Percent of People with Each Score

Your Score History

You have not taken this quiz